000 01158nam a2200229Ia 4500
001 L100-51475
003 IT-CnALBA
008 170116s9999||||xx |||||||||||||| ||und||
040 _aIT-CnALBA
_cIT-CnALBA
041 _aITALIANO
100 _aCONCETTI GINO
245 0 _aCRIMINALITA' E GIUSTIZIA. LINEAMENTI DI ETICA PENALE.
250 _a1a ed.
260 _a ROMA, MILANO.
_bARES EDIZIONI
_c1995 [1° Ed.:1995 - Ed.Ling.Originale: 1995]
300 _a184 p.
500 _aIL POTERE GIUDIZIARIO DELLO STATO. IL RUOLO DEI PROTAGONISTI. INTERVENTI COATTIVI. I DIRITTI DELL'IMPURATO. REATO E VALENZE. UNA TIPOLOGIA DI REATI. LA REDENZIONE DEL REO. CONCLUSIONE. DOCUMENTI DEL NAGISTERO DELLA CHIESA.
501 _aSocietà San Paolo EM - Piazza San Paolo, 14 - 12051 ALBA (CN) (non commercial uses only) ® Copyright 2017
520 _aIL POTERE GIUDIZIARIO DELLO STATO. IL RUOLO DEI PROTAGONISTI. INTERVENTI COATTIVI. I DIRITTI DELL'IMPURATO. REATO E VALENZE. UNA TIPOLOGIA DI REATI. LA REDENZIONE DEL REO. CONCLUSIONE. DOCUMENTI DEL NAGISTERO DELLA CHIESA.
650 _aFILOSOFIA E DISCIPLINE COLLEGATE
942 _cBK
957 _71
999 _a63108
_bNO
_g Copie: 1
_c310351
_d310351